Štatistická správa o základných vývojových tendenciách v hospodárstve SR v 1. štvrťroku 2002

Gespeichert in:
Bibliographische Detailangaben
Format: Buch
Sprache:Slowakisch
Veröffentlicht: Bratislava Štatistický úrad Slovenskej republiky 2002
Tags: Tag hinzufügen
Keine Tags, Fügen Sie das erste Tag hinzu!

MARC

LEADER 00000nam a2200000 4500
001 c139668
005 20260211071402.1
041 0 |a slo 
044 |a SK 
245 1 0 |a Štatistická správa o základných vývojových tendenciách v hospodárstve SR v 1. štvrťroku 2002 
264 1 |a Bratislava  |b Štatistický úrad Slovenskej republiky  |c 2002 
300 |a 93 s.